000 00851nam a2200253Ia 4500
003 OSt
005 20220923211234.0
006 a|||||r|||| 00| 0
007 ta
008 Pun
020 _a9788171435234 (hbk)
_c260
024 _a246,863
037 _b7830/X, 31/01/2011, Arsee Publishers
_cTextual
040 _aARTS
_cARTS
_bPun
041 _2Pun
_aPun
082 _aO153:g, Q0
100 _aਰਮਨਜੀਤ ਕੌਰ
_9156278
245 0 _aਡਾ ਅਤਰ ਸਿੰਘ ਸਾਹਿਤ ਚਿੰਤਨ-Fਾਸਤਰ
260 _aਅੰਮ੍ਰਿਤਸਰ
_b ਰਵੀ ਸਾਹਿਤ ਪ੍ਰਕਾFਨ
_c2010
300 _a239ਪੰ
_ccm.
650 _aਪੰਜਾਬੀ ਸਾਹਿਤ
942 _hO153:g, Q0
_cTEXL
_2CC
999 _c297447
_d297447